Estadísticas para Digitos de Pi

Haz click aquí para tomar la prueba!

Estadísticas generales

  • Esta prueba ha sido tomada 14.461 veces
  • La puntuación promedio es 7 de 50

Estadísticas de respuestas

Digito% Correcto
3.
100%
1
99%
4
97%
1
91%
5
80%
9
59%
2
45%
6
31%
5
21%
3
16%
5
12%
8
9%
9
8%
7
7%
9
6%
2
5%
3
5%
3
5%
4
4%
6
4%
8
4%
2
3%
3
3%
4
3%
6
3%
2
2%
3
2%
3
2%
7
2%
8
2%
9
2%
0
1%
1
1%
1
1%
1
1%
2
1%
3
1%
3
1%
4
1%
5
1%
6
1%
7
1%
7
1%
8
1%
8
1%
9
1%
9
1%
9
1%
9
1%
5
0%

Distribución de puntuación

Porcentaje por número respondido

Porcentaje de gente con cada puntuación

Historial de tus puntuaciones

No has tomado esta prueba